000 00748nam a2200229 4500
999 _c18080
_d18080
001 1796141
005 20161202124222.0
008 710827s1971 nyua b 001 0 eng
010 _a 78151729
020 _a0471845906
040 _aDLC
_cDLC
_dDLC
050 0 0 _aQA278.T37 1971
_b.T37
082 0 0 _a519.5/3
100 1 _aTatsuoka, Maurice M.
245 0 0 _aMultivariate analysis;
_btechniques for educational and psychological research
_c[by] Maurice M. Tatsuoka.
260 _aNew York,
_bWiley
_c[1971]
300 _axiii, 310 p.
_billus.
_c24 cm.
504 _aBibliography: p. 301-304.
650 0 _aMultivariate analysis.
906 _a7
_bcbc
_corignew
_d2
_encip
_f19
_gy-gencatlg
942 _2lcc
_cBOOKS
_hQA278.T37 1971